000 00342nam a2200133Ia 4500
005 20260328104259.0
008 260328s9999||||xx |||||||||||||| ||und||
100 _aNavarro, Rosaluz
245 0 _aLa Ciudad y sus Profesionales /
_cRosaluz Navarro
260 _bCátedra UNESCO-ITESO
300 _a251 p.
650 _aTEORÍA
942 _cBK
999 _c10549
_d10549